| Tag |
First Indicator |
Second Indicator |
Subfields |
| LEADER |
00000uam a2200000 a 4500 |
| 001 |
in00004146830 |
| 005 |
20260123230503.9 |
| 006 |
m o d |
| 007 |
cr cn |
| 008 |
270215s2017 xx o eng |
| 020 |
|
|
|z 9781351831277
|
| 020 |
|
|
|z 9781482226539
|
| 020 |
|
|
|z 1482226529
|
| 020 |
|
|
|z 9781482226522
|
| 020 |
|
|
|z 9781138749542
|
| 020 |
|
|
|z 1138749540
|
| 020 |
|
|
|z 1482226537
|
| 020 |
|
|
|z 9781315215389
|
| 020 |
|
|
|z 1315215381
|
| 035 |
|
|
|a (CaSebORM)9781482226522
|
| 040 |
|
|
|d UtOrBLW
|
| 041 |
0 |
|
|a eng
|
| 100 |
1 |
|
|a Le Nguyen Binh,
|e author.
|
| 245 |
1 |
0 |
|a Advanced Digital Optical Communications, 2nd Edition /
|c Le Nguyen Binh.
|
| 250 |
|
|
|a 2nd edition.
|
| 264 |
|
1 |
|b CRC Press,
|c 2017.
|
| 300 |
|
|
|a 1 online resource (937 pages)
|
| 336 |
|
|
|a text
|b txt
|2 rdacontent
|
| 337 |
|
|
|a computer
|b c
|2 rdamedia
|
| 338 |
|
|
|a online resource
|b cr
|2 rdacarrier
|
| 347 |
|
|
|a text file
|
| 520 |
|
|
|a This second edition of Digital Optical Communications provides a comprehensive treatment of the modern aspects of coherent homodyne and self-coherent reception techniques using algorithms incorporated in digital signal processing (DSP) systems and DSP-based transmitters to overcome several linear and nonlinear transmission impairments and frequency mismatching between the local oscillator and the carrier, as well as clock recovery and cycle slips. These modern transmission systems have emerged as the core technology for Tera-bits per second (bps) and Peta-bps optical Internet for the near future. Featuring extensive updates to all existing chapters, Advanced Digital Optical Communications, Second Edition : Contains new chapters on optical fiber structures and propagation, optical coherent receivers, DSP equalizer algorithms, and high-order spectral DSP receivers Examines theoretical foundations, practical case studies, and MATLAB® and Simulink® models for simulation transmissions Includes new end-of-chapter practice problems and useful appendices to supplement technical information Downloadable content available with qualifying course adoption Advanced Digital Optical Communications, Second Edition supplies a fundamental understanding of digital communication applications in optical communication technologies, emphasizing operation principles versus heavy mathematical analysis. It is an ideal text for aspiring engineers and a valuable professional reference for those involved in optics, telecommunications, electronics, photonics, and digital signal processing.
|
| 533 |
|
|
|a Electronic reproduction.
|b Boston, MA :
|c Safari,
|n Available via World Wide Web.
|d 2015.
|
| 538 |
|
|
|a Mode of access: World Wide Web.
|
| 542 |
|
|
|f Copyright © CRC Press 2015
|g 2015
|
| 588 |
|
|
|a Online resource; Title from title page (viewed November 22, 2017)
|
| 500 |
|
|
|a Electronic resource.
|
| 655 |
|
7 |
|a Electronic books.
|2 local
|
| 710 |
2 |
|
|a Safari, an O'Reilly Media Company.
|
| 856 |
4 |
0 |
|u https://proxy.library.tamu.edu/login?url=https://go.oreilly.com/TAMU/library/view/-/9781482226522/?ar
|z Connect to this electronic resource
|t 0
|
| 999 |
f |
f |
|s d8c99a6e-697b-3c3a-b04a-e81a95f0be17
|i 6555974a-35ab-3d3c-9fcb-1f51c8ed22fc
|t 0
|
| 952 |
f |
f |
|a Texas A&M University
|b College Station
|c Electronic Resources
|s www_evans
|d Available Online
|t 0
|h No information provided
|
| 998 |
f |
f |
|t 0
|l Available Online
|